000 00439nam a2200157Ia 4500
008 230917s9999||||xx |||||||||||||| ||und||
040 _e78078
_aMAIN
041 _aEnglish
082 _a345.06 A92P(10)
100 _aAvtar Singh
245 0 _aPrinciples of the law of evidence: A study of the Indian Evidence Act, 1872
250 _a10th ed.
260 _aAllahabad
_bCentral Law Agency
_c1996
300 _axxviii, 392 p.
942 _cBK
999 _c95933
_d95933